Typing The Word "Republic" 500 Times! - Statistics

General Stats
  • This quiz has been taken 75 times
  • The average score is 323 of 500
Answer Stats
Answer % Correct
Republic
100%
Republic
100%
Republic
97%
Republic
91%
Republic
91%
Republic
89%
Republic
89%
Republic
86%
Republic
86%
Republic
83%
Republic
83%
Republic
80%
Republic
80%
Republic
80%
Republic
80%
Republic
80%
Republic
80%
Republic
77%
Republic
77%
Republic
77%
Republic
74%
Republic
74%
Republic
74%
Republic
74%
Republic
74%
Republic
74%
Republic
74%
Republic
74%
Republic
74%
Republic
74%
Republic
74%
Republic
74%
Republic
74%
Republic
74%
Republic
74%
Republic
74%
Republic
74%
Republic
74%
Republic
74%
Republic
74%
Republic
74%
Republic
74%
Republic
71%
Republic
71%
Republic
71%
Republic
71%
Republic
71%
Republic
71%
Republic
71%
Republic
71%
Republic
69%
Republic
69%
Republic
69%
Republic
69%
Republic
69%
Republic
69%
Republic
69%
Republic
69%
Republic
69%
Republic
69%
Republic
69%
Republic
69%
Republic
69%
Republic
69%
Republic
66%
Republic
66%
Republic
66%
Republic
66%
Republic
66%
Republic
63%
Republic
63%
Republic
63%
Republic
63%
Republic
63%
Republic
63%
Republic
63%
Republic
63%
Republic
63%
Republic
63%
Republic
63%
Republic
63%
Republic
63%
Republic
63%
Republic
63%
Republic
63%
Republic
63%
Republic
63%
Republic
63%
Republic
63%
Republic
63%
Republic
63%
Republic
63%
Republic
63%
Republic
63%
Republic
63%
Republic
63%
Republic
63%
Republic
63%
Republic
63%
Republic
63%
Republic
63%
Republic
63%
Republic
63%
Republic
63%
Republic
63%
Republic
63%
Republic
63%
Republic
63%
Republic
63%
Republic
63%
Republic
63%
Republic
63%
Republic
63%
Republic
63%
Republic
63%
Republic
63%
Republic
63%
Republic
63%
Republic
63%
Republic
63%
Republic
63%
Republic
63%
Republic
63%
Republic
63%
Republic
63%
Republic
63%
Republic
63%
Republic
63%
Republic
63%
Republic
63%
Republic
63%
Republic
63%
Republic
63%
Republic
63%
Republic
63%
Republic
63%
Republic
63%
Republic
63%
Republic
63%
Republic
63%
Republic
63%
Republic
63%
Republic
63%
Republic
63%
Republic
63%
Republic
63%
Republic
63%
Republic
63%
Republic
63%
Republic
63%
Republic
63%
Republic
63%
Republic
63%
Republic
63%
Republic
63%
Republic
63%
Republic
63%
Republic
63%
Republic
63%
Republic
63%
Republic
63%
Republic
63%
Republic
63%
Republic
63%
Republic
63%
Republic
63%
Republic
63%
Republic
63%
Republic
63%
Republic
63%
Republic
63%
Republic
63%
Republic
63%
Republic
63%
Republic
63%
Republic
63%
Republic
63%
Republic
63%
Republic
63%
Republic
63%
Republic
63%
Republic
63%
Republic
63%
Republic
63%
Republic
63%
Republic
63%
Republic
63%
Republic
63%
Republic
63%
Republic
63%
Republic
63%
Republic
63%
Republic
63%
Republic
63%
Republic
63%
Republic
63%
Republic
63%
Republic
63%
Republic
63%
Republic
63%
Republic
63%
Republic
63%
Republic
63%
Republic
63%
Republic
63%
Republic
63%
Republic
63%
Republic
63%
Republic
63%
Republic
63%
Republic
63%
Republic
63%
Republic
63%
Republic
63%
Republic
63%
Republic
63%
Republic
63%
Republic
63%
Republic
63%
Republic
63%
Republic
63%
Republic
63%
Republic
63%
Republic
63%
Republic
63%
Republic
63%
Republic
63%
Republic
63%
Republic
63%
Republic
63%
Republic
63%
Republic
63%
Republic
63%
Republic
63%
Republic
63%
Republic
63%
Republic
63%
Republic
63%
Republic
63%
Republic
63%
Republic
63%
Republic
63%
Republic
63%
Republic
63%
Republic
63%
Republic
63%
Republic
63%
Republic
63%
Republic
63%
Republic
63%
Republic
63%
Republic
63%
Republic
63%
Republic
63%
Republic
63%
Republic
63%
Republic
63%
Republic
63%
Republic
63%
Republic
63%
Republic
63%
Republic
63%
Republic
63%
Republic
63%
Republic
63%
Republic
63%
Republic
63%
Republic
63%
Republic
63%
Republic
63%
Republic
63%
Republic
63%
Republic
63%
Republic
63%
Republic
63%
Republic
63%
Republic
63%
Republic
63%
Republic
63%
Republic
63%
Republic
63%
Republic
63%
Republic
63%
Republic
63%
Republic
63%
Republic
63%
Republic
63%
Republic
63%
Republic
63%
Republic
63%
Republic
63%
Republic
63%
Republic
63%
Republic
63%
Republic
63%
Republic
63%
Republic
63%
Republic
63%
Republic
63%
Republic
63%
Republic
63%
Republic
63%
Republic
63%
Republic
63%
Republic
63%
Republic
63%
Republic
63%
Republic
63%
Republic
63%
Republic
63%
Republic
63%
Republic
63%
Republic
63%
Republic
63%
Republic
63%
Republic
63%
Republic
63%
Republic
63%
Republic
63%
Republic
63%
Republic
63%
Republic
63%
Republic
63%
Republic
63%
Republic
63%
Republic
63%
Republic
63%
Republic
63%
Republic
63%
Republic
63%
Republic
63%
Republic
63%
Republic
63%
Republic
63%
Republic
63%
Republic
63%
Republic
63%
Republic
63%
Republic
63%
Republic
63%
Republic
63%
Republic
63%
Republic
63%
Republic
63%
Republic
63%
Republic
63%
Republic
63%
Republic
63%
Republic
63%
Republic
63%
Republic
63%
Republic
63%
Republic
63%
Republic
63%
Republic
63%
Republic
63%
Republic
63%
Republic
63%
Republic
63%
Republic
63%
Republic
63%
Republic
63%
Republic
63%
Republic
63%
Republic
63%
Republic
63%
Republic
63%
Republic
63%
Republic
63%
Republic
63%
Republic
63%
Republic
63%
Republic
63%
Republic
63%
Republic
63%
Republic
63%
Republic
63%
Republic
63%
Republic
63%
Republic
63%
Republic
63%
Republic
63%
Republic
63%
Republic
63%
Republic
63%
Republic
63%
Republic
63%
Republic
63%
Republic
63%
Republic
63%
Republic
63%
Republic
63%
Republic
63%
Republic
63%
Republic
63%
Republic
63%
Republic
63%
Republic
63%
Republic
63%
Republic
63%
Republic
63%
Republic
63%
Republic
63%
Republic
63%
Republic
63%
Republic
63%
Republic
63%
Republic
63%
Republic
63%
Republic
63%
Republic
63%
Republic
63%
Republic
63%
Republic
63%
Republic
63%
Republic
63%
Republic
63%
Republic
63%
Republic
63%
Republic
63%
Republic
63%
Republic
63%
Republic
63%
Republic
63%
Republic
63%
Republic
63%
Republic
63%
Republic
63%
Republic
63%
Republic
63%
Republic
63%
Republic
63%
Republic
63%
Republic
63%
Republic
63%
Republic
63%
Republic
63%
Republic
63%
Republic
63%
Republic
63%
Republic
63%
Republic
63%
Republic
63%
Republic
63%
Republic
63%
Republic
63%
Republic
63%
Republic
63%
Republic
63%
Republic
63%
Republic
63%
Republic
63%
Republic
63%
Republic
63%
Republic
63%
Republic
63%
Republic
63%
Republic
63%
Republic
63%
Republic
63%
Republic
63%
Republic
63%
Republic
63%
Republic
63%
Republic
63%
Republic
63%
Republic
63%
Republic
63%
Republic
63%
Republic
63%
Republic
63%
Republic
63%
Republic
63%
Republic
63%
Republic
63%
Republic
63%
Republic
63%
Republic
63%
Republic
63%
Republic
63%
Republic
63%
Republic
63%
Republic
63%
Republic
63%
Republic
63%
Republic
63%
Republic
63%
Republic
63%
Republic
60%
Republic
60%
Republic
60%
Republic
60%
Republic
60%
Republic
60%
Republic
60%
Republic
60%
Republic
60%
Republic
60%
Republic
60%
Republic
60%
No matching quizzes found
Score Distribution
Percent of People with Each Score
Percentile by Number Answered
Your Score History
You have not taken this quiz